000 00571cam a22002053a 4500
001 45066
003 PGUSA
005 20140828084029.0
008 140307s2014||||xxu|||||s|||||000 | eng d
040 _aPGUSA
_beng
042 _adc
100 1 _aHine, C. C.
245 1 0 _aMrs. Leary's Cow :
_bA Legend of Chicago
_h[electronic resource] /
_cC. C. Hine
260 _bProject Gutenberg,
_c2014
506 _aPublic domain in the USA.
516 _aElectronic text
830 0 _aProject Gutenberg
_v45066
856 4 0 _uhttp://www.gutenberg.org/ebooks/45066
942 _cEB
999 _c274317
_d274317